04361 2202125 4500001002100000008004100021035002000062082000800082084001400090100002400104245007800128250000600206260003000212300001200242650001300254990001200267990001200279990001200291990001200303990001200315990001200327990001200339990001200351990001200363990001200375990001200387990001200399990001200411990001200423990001200435990001200447990001200459990001200471990001200483990001200495990001200507990001200519990001200531990001200543990001200555990001200567990001200579990001200591990001200603990001200615990001200627990001200639990001200651990001200663990001200675990001200687990001200699990001200711990001200723990001200735990001200747990001200759990001200771990001200783990001200795990001200807990001200819990001200831990001200843990001200855990001200867990001200879990001200891990001200903990001200915990001200927990001200939990001200951990001200963990001200975990001200987990001200999990001201011990001201023990001201035990001201047990001201059990001201071990001201083990001201095990001201107990001201119990001201131990001201143990001201155990001201167990001201179990001201191990001201203990001201215990001201227990001201239990001201251990001201263990001201275990001201287990001201299990001201311990001201323990001201335990001201347990001201359990001201371990001201383990001201395990001201407990001201419990001201431990001201443990001201455990001201467990001201479990001201491990001201503990001201515990001201527990001201539990001201551990001201563990001201575990001201587990001201599990001201611990001201623990001201635990001201647990001201659990001201671990001201683990001201695990001201707990001201719990001201731990001201743990001201755990001201767990001201779990001201791990001201803990001201815990001201827990001201839990001201851990001201863990001201875990001201887990001201899990001201911990001201923990001201935990001201947990001201959990001201971990001201983990001201995990001202007990001202019990001202031990001202043990001202055990001202067990001202079990001202091990001202103990001202115990001202127990001202139990001202151990001202163990001202175990001202187990001202199990001202211990001202223INLIS000000000000824 ind  a0010-0524000059 a420 a420 THE b aSudarwati, Theresia aBuku Siswa Bahasa Inggris Kelas X ( Buku Pendamping )cTheresia Sudarwati a1 aJakarta :bErlanggac2017 a268 hlm aNonFiksi a0741086 a0741087 a0741088 a0741089 a0741090 a0741091 a0741092 a0741093 a0741094 a0741095 a0741096 a0741097 a0741098 a0741099 a0741100 a0741101 a0741102 a0741103 a0741104 a0741105 a0741106 a0741107 a0741108 a0741109 a0741110 a0741111 a0741112 a0741113 a0741114 a0741115 a0741116 a0741117 a0741118 a0741119 a0741120 a0741121 a0741122 a0741123 a0741124 a0741125 a0741126 a0741127 a0741128 a0741129 a0741130 a0741131 a0741132 a0741133 a0741134 a0741135 a0741136 a0741137 a0741138 a0741139 a0741140 a0741141 a0741142 a0741143 a0741144 a0741145 a0741146 a0741147 a0741148 a0741149 a0741150 a0741151 a0741152 a0741153 a0741154 a0741155 a0741156 a0741157 a0741158 a0741159 a0741160 a0741161 a0741162 a0741163 a0741164 a0741165 a0741166 a0741167 a0741168 a0741169 a0741170 a0741171 a0741172 a0741173 a0741174 a0741175 a0741176 a0741177 a0741178 a0741179 a0741180 a0741181 a0741182 a0741183 a0741184 a0741185 a0741186 a0741187 a0741188 a0741189 a0741190 a0741191 a0741192 a0741193 a0741194 a0741195 a0741196 a0741197 a0741198 a0741199 a0741200 a0741201 a0741202 a0741203 a0741204 a0741205 a0741206 a0741207 a0741208 a0741209 a0741210 a0741211 a0741212 a0741213 a0741214 a0741215 a0741216 a0741217 a0741218 a0741219 a0741220 a0741221 a0741222 a0741223 a0741224 a0741225 a0741226 a0741227 a0741228 a0741229 a0741230 a0741231 a0741232 a0741233 a0741234 a0741235 a0741236 a0741237 a0741238 a0741239 a0741240 a0741241 a0741242 a0741243 a0741244 a0741245 a0741246 a0741247 a0741248 a0741249